| 000 | 00774nam a2200253Ia 4500 | ||
|---|---|---|---|
| 003 | OSt | ||
| 005 | 20221006151446.0 | ||
| 006 | a|||||r|||| 00| 0 | ||
| 007 | ta | ||
| 008 | 221006b |||||||| |||| 00| 0 eng d | ||
| 020 |
_a083716723X _c _27.00(each) |
||
| 024 | _a22,183 | ||
| 037 | _cTextual | ||
| 040 |
_aEASL _cEASL _beng |
||
| 041 |
_2eng _aeng |
||
| 082 | _aV42:1973,(zB).N42, H4-;2 | ||
| 100 |
_aGREW Joseph C _9597569 |
||
| 245 | 0 |
_aTen years in Japan _b A contemporary record drawn from the diaries and private and official papers of Joseph C. Grew |
|
| 260 |
_aNew York _bArno Press _c1944 |
||
| 300 |
_a554p. _ccm. |
||
| 490 | _v JEL | ||
| 942 |
_hV42:1973,(zB).N42, H4-;2 _cTEXL _2CC |
||
| 999 |
_c1090269 _d1090269 |
||